000 00814nam a2200277 a 4500
001 vtls001470099
003 NLI
005 20210627130017.0
008 121201m1981uuuudcu b f000 0 eng
039 9 _y201212011856
_zVLOAD
040 _aNLI
_beng
_cDatasoft_FOD
_eAACR2
041 0 _aeng
044 _a dcu
082 0 4 _a 016.305562
110 1 _aUnited States.
_bDepartment of Labor
_9707174
245 1 0 _aLabor literature /
_cUnited States Department of Labor
260 _aWashington, D.C. :
_bThe Departement,
_c1981-
300 _a-v. ;
_c28 cm.
500 _aLibrary has vol. 6
650 0 _aLabor and laboring classes
_vBibliography
_9728210
887 _a
901 _aAD 112554
_b06.10.10
_9v.6, no. 22
902 _aU.S 016.305562 Un 3
904 _lF 7337
999 _aVIRTUA40
_c917536
_d917536
942 _2ddc
_cBKS